| 000 | 00573nam a2200205 a 4500 | ||
|---|---|---|---|
| 005 | 20140310183431.0 | ||
| 008 | 080109s19uu xx 00 eng d | ||
| 020 | _a978412929073 | ||
| 050 |
_aLC 4019.3 _b.M426 2007 |
||
| 100 | _aMathieson, Kay | ||
| 245 | _aIdentifying special needs in the early years. | ||
| 260 |
_aLos Angeles : _bPaul Chapman Publishing, _c2007. |
||
| 300 |
_a99 p. : _bill. ; _c28 cm. |
||
| 521 | _aEDU | ||
| 650 | _aSpecial education. | ||
| 650 | _aChildren with disabilities. | ||
| 942 |
_cBK _2lcc _kFOR |
||
| 999 |
_c22738 _d22738 |
||